| 000 | 00611nam a2200193 i 4500 | ||
|---|---|---|---|
| 001 | 101359 | ||
| 003 | ES-MaACL | ||
| 005 | 20250829062547.0 | ||
| 007 | t| | ||
| 008 | 051018s1957 sp ||||1| spa d | ||
| 100 | 1 |
_aMaurois, André, _d1885-1967 _979267 |
|
| 245 | 1 | 4 |
_aLas rosas de septiembre / _cAndré Maurois, [seud.] de Emile Herzog; [traducción de C. Guerra Paricio de Lluis]. |
| 250 | _a[1ª ed.]. | ||
| 260 |
_aBarcelona : _bJosé Janés, _c1957. |
||
| 300 |
_a248 p. ; _c17 cm. |
||
| 700 | 1 |
_aGuerra Paricio de Lluis, C. _960522 |
|
| 852 |
_aES-MaACL _jC-13989 _bR.41683 |
||
| 999 |
_c101359 _d101359 |
||